000 00255nam a2200097Ia 4500
008 230508s2013 xx 000 0 und d
041 _aeng
100 _aDR. SEDHA R.S.
245 _aA TEXT BOOK OF APPLIED ELECTRONICS
260 _bS . CHAND COMPANY NE
_c2013
999 _c729068
_d729068